Detalles MARC
| 000 -CABECERA |
| campo de control de longitud fija |
01191cam a2200289 a 4500 |
| 001 - NÚMERO DE CONTROL |
| campo de control |
000013003 |
| 003 - IDENTIFICADOR DEL NÚMERO DE CONTROL |
| campo de control |
DO-SdBNP |
| 005 - FECHA Y HORA DE LA ÚLTIMA TRANSACCIÓN |
| campo de control |
20250912141152.0 |
| 008 - DATOS DE LONGITUD FIJA--INFORMACIÓN GENERAL |
| campo de control de longitud fija |
850321s1984 ve b b f001 0 spa d |
| 040 ## - FUENTE DE LA CATALOGACIÓN |
| Centro catalogador/agencia de origen |
DO-SdBNP |
| Centro/agencia transcriptor |
DLC |
| Centro/agencia modificador |
DLC |
| -- |
BNPHU |
| 043 ## - CÓDIGO DE ÁREA GEOGRÁFICA |
| Código de área geográfica |
s-ve |
| 049 ## - FONDOS LOCALES (OCLC) |
| Fondos de biblioteca |
BNGR |
| 082 ## - NÚMERO DE LA CLASIFICACIÓN DECIMAL DEWEY |
| Número de clasificación |
364.133 |
| Número de documento/Ítem |
A663c |
| 100 1# - ENTRADA PRINCIPAL--NOMBRE DE PERSONA |
| Nombre de persona |
Arauz Monfante, Celestino Andrés, |
| Fechas asociadas al nombre |
1950- |
| 9 (RLIN) |
29978 |
| 245 13 - MENCIÓN DE TÍTULO |
| Título |
El contrabando holandés en el Caribe durante la primera mitad del siglo xviii / |
| Mención de responsabilidad, etc. |
Celestino Andrés Arauz Monfante. |
| 260 ## - PUBLICACIÓN, DISTRIBUCIÓN, ETC. |
| Lugar de publicación, distribución, etc. |
Caracas : |
| Nombre del editor, distribuidor, etc. |
Academia Nacional de la Historia, |
| Fecha de publicación, distribución, etc. |
1984. |
| 300 ## - DESCRIPCIÓN FÍSICA |
| Extensión |
v. : |
| Otras características físicas |
mapas ; |
| Dimensiones |
23 cm. |
| 490 1# - MENCIÓN DE SERIE |
| Mención de serie |
Biblioteca de la Academia Nacional de la Historia |
| Designación de volumen o secuencia |
168-169 |
| 500 ## - NOTA GENERAL |
| Nota general |
Incluye índice |
| 504 ## - NOTA DE BIBLIOGRAFÍA, ETC. |
| Nota de bibliografía, etc. |
Incluye notas y referencias bibliográficas al pie de las páginas |
| 650 #4 - PUNTO DE ACCESO ADICIONAL DE MATERIA--TÉRMINO DE MATERIA |
| Término de materia o nombre geográfico como elemento de entrada |
Contrabando |
| Subdivisión geográfica |
Caribe (Región) |
| Subdivisión general |
Historia |
| Subdivisión cronológica |
Siglo XVIII. |
| 9 (RLIN) |
29979 |
| 651 #4 - PUNTO DE ACCESO ADICIONAL DE MATERIA--NOMBRE GEOGRÁFICO |
| Nombre geográfico |
Paises Bajos |
| Subdivisión general |
Comercio |
| Subdivisión geográfica |
Caribe (Región) |
| Subdivisión general |
Historia |
| Subdivisión cronológica |
Siglo XVIII. |
| 9 (RLIN) |
29980 |
| 651 #0 - PUNTO DE ACCESO ADICIONAL DE MATERIA--NOMBRE GEOGRÁFICO |
| Nombre geográfico |
Caribe (Región) |
| Subdivisión general |
Comercio |
| Subdivisión geográfica |
Paises Bajos |
| Subdivisión general |
Historia |
| Subdivisión cronológica |
Siglo XVIII. |
| 9 (RLIN) |
87401 |
| 830 #0 - PUNTO DE ACCESO ADICIONAL DE SERIE-TÍTULO UNIFORME |
| Título uniforme |
Biblioteca de la Academia Nacional de la Historia ; |
| Designación de volumen o secuencia |
168-169 |
| 9 (RLIN) |
29982 |
| 910 ## - DATOS DE OPCIÓN DEL USUARIO (OCLC) |
| Datos de opción del usuario |
Catalogación derivada |
| 942 ## - ELEMENTOS DE PUNTO DE ACCESO ADICIONAL (KOHA) |
| Fuente del sistema de clasificación o colocación |
Dewey Decimal Classification |
| Tipo de ítem Koha |
Libro |